<?xml version="1.0" encoding="UTF-8"?>
<collection xmlns="http://www.loc.gov/MARC21/slim">
 <record>
  <leader>03286nab a2200373 i 4500</leader>
  <controlfield tag="001">publ24510</controlfield>
  <controlfield tag="005">20220610120657.0</controlfield>
  <controlfield tag="008">220610s2022    hu      o     0||   Angol d</controlfield>
  <datafield tag="022" ind1=" " ind2=" ">
   <subfield code="a">2326-5191</subfield>
  </datafield>
  <datafield tag="024" ind1="7" ind2=" ">
   <subfield code="a">10.1002/art.42243</subfield>
   <subfield code="2">doi</subfield>
  </datafield>
  <datafield tag="024" ind1="7" ind2=" ">
   <subfield code="a">32869486</subfield>
   <subfield code="2">mtmt</subfield>
  </datafield>
  <datafield tag="040" ind1=" " ind2=" ">
   <subfield code="a">SZTE Publicatio Repozitórium</subfield>
   <subfield code="b">hun</subfield>
  </datafield>
  <datafield tag="041" ind1=" " ind2=" ">
   <subfield code="a">Angol</subfield>
  </datafield>
  <datafield tag="100" ind1="1" ind2=" ">
   <subfield code="a">Foulquier Nathan</subfield>
  </datafield>
  <datafield tag="245" ind1="1" ind2="0">
   <subfield code="a">Machine learning identifies a common signature for anti-SSA/Ro60 antibody expression across autoimmune diseases</subfield>
   <subfield code="h">[elektronikus dokumentum] /</subfield>
   <subfield code="c"> Foulquier Nathan</subfield>
  </datafield>
  <datafield tag="260" ind1=" " ind2=" ">
   <subfield code="c">2022</subfield>
  </datafield>
  <datafield tag="300" ind1=" " ind2=" ">
   <subfield code="a">Terjedelem: 31 p.-Azonosító: 42243</subfield>
  </datafield>
  <datafield tag="490" ind1="0" ind2=" ">
   <subfield code="a">ARTHRITIS &amp; RHEUMATOLOGY</subfield>
  </datafield>
  <datafield tag="520" ind1="3" ind2=" ">
   <subfield code="a">Anti-Ro autoantibodies are among the most frequently detected extractable nuclear antigen autoantibodies, mainly associated with primary Sjögren's syndrome (pSS), systemic lupus erythematosus (SLE) and undifferentiated connective tissue disease (UCTD). Is there a common signature to all patients expressing anti-Ro60 autoantibodies regardless of their disease phenotype?Using high-throughput multi-omics data collected within the cross-sectional cohort from the PRECISESADS IMI project (genetic, epigenomic, transcriptomic, combined with flow cytometric data, multiplexed cytokines, classical serology and clinical data), we assessed by machine learning the integrated molecular profiling of 520 anti-Ro60-positive (anti-Ro60+ ) compared to 511 anti-Ro60-negative (anti-Ro60- ) patients with pSS, SLE and UCTD, and 279 healthy controls (HCs).The selected features for RNA-Seq, DNA methylation and GWAS data allowed a clear separation between anti-Ro60+ and anti-Ro60- patients. The different features selected by machine learning from the anti-Ro60+ patients constitute specific signatures when compared to anti-Ro60- patients and HCs. Remarkably, the transcript z-score of three genes (ATP10A, MX1 and PARP14), presenting an overexpression associated with a hypomethylation and genetic variation, and independently identified by the Boruta algorithm, was clearly higher in anti-Ro60+ patients compared to anti-Ro60- patients in all the diseases. We demonstrate that these signatures, enriched in interferon stimulated genes, were also found in anti-Ro60+ patients with rheumatoid arthritis and systemic sclerosis and remained stable over time and not influenced by treatment.Anti-Ro60+ patients present a specific inflammatory signature regardless of their disease suggesting that a dual therapeutic approach targeting both Ro-associated RNAs and anti-Ro60 autoantibodies should be considered.</subfield>
  </datafield>
  <datafield tag="650" ind1=" " ind2="4">
   <subfield code="a">Immunológia</subfield>
  </datafield>
  <datafield tag="700" ind1="0" ind2="2">
   <subfield code="a">Le Dantec Christelle</subfield>
   <subfield code="e">aut</subfield>
  </datafield>
  <datafield tag="700" ind1="0" ind2="2">
   <subfield code="a">Bettacchioli Eleonore</subfield>
   <subfield code="e">aut</subfield>
  </datafield>
  <datafield tag="700" ind1="0" ind2="2">
   <subfield code="a">Jamin Christophe</subfield>
   <subfield code="e">aut</subfield>
  </datafield>
  <datafield tag="700" ind1="0" ind2="2">
   <subfield code="a">Alarcón-Riquelme Marta Eugenia</subfield>
   <subfield code="e">aut</subfield>
  </datafield>
  <datafield tag="700" ind1="0" ind2="2">
   <subfield code="a">Pers Jacques-Olivier</subfield>
   <subfield code="e">aut</subfield>
  </datafield>
  <datafield tag="700" ind1="0" ind2="2">
   <subfield code="a">Kollaborációs szervezet: PRECISESADS Clinical Consortium</subfield>
   <subfield code="e">aut</subfield>
  </datafield>
  <datafield tag="700" ind1="0" ind2="2">
   <subfield code="a">Kollaborációs szervezet PRECISESADS Flow Cytometry Consortium</subfield>
   <subfield code="e">aut</subfield>
  </datafield>
  <datafield tag="700" ind1="0" ind2="2">
   <subfield code="a">Kovács László</subfield>
   <subfield code="e">aut</subfield>
  </datafield>
  <datafield tag="700" ind1="0" ind2="2">
   <subfield code="a">Balog Attila</subfield>
   <subfield code="e">aut</subfield>
  </datafield>
  <datafield tag="700" ind1="0" ind2="2">
   <subfield code="a">Deák Magdolna</subfield>
   <subfield code="e">aut</subfield>
  </datafield>
  <datafield tag="700" ind1="0" ind2="2">
   <subfield code="a">Bocskai Márta</subfield>
   <subfield code="e">aut</subfield>
  </datafield>
  <datafield tag="700" ind1="0" ind2="2">
   <subfield code="a">Dulic Sonja</subfield>
   <subfield code="e">aut</subfield>
  </datafield>
  <datafield tag="700" ind1="0" ind2="2">
   <subfield code="a">Kádár Gabriella</subfield>
   <subfield code="e">aut</subfield>
  </datafield>
  <datafield tag="856" ind1="4" ind2="0">
   <subfield code="u">http://publicatio.bibl.u-szeged.hu/24510/1/FoulquierArthritisRheumatology2022.pdf</subfield>
   <subfield code="z">Dokumentum-elérés </subfield>
  </datafield>
 </record>
</collection>
